| 000 | 01367cam a2200385 a 4500 | ||
|---|---|---|---|
| 001 | 1040642 | ||
| 003 | ARRUPE | ||
| 005 | 20160323095641.0 | ||
| 008 | 911024s1991 rh b b 001 0 eng d | ||
| 020 | _a0797409572 | ||
| 035 | _a(OCoLC)59932158 | ||
| 035 | _a(OCoLC)ocm59932158 | ||
| 035 | _a(CStRLIN)NYCG91-B91470 | ||
| 035 | _a(NNC)1040642 | ||
| 040 |
_aCU _cCU _dCStRLIN |
||
| 043 | _af-tz--- | ||
| 050 | _aHC885.I44 1991 | ||
| 100 |
_aCampbell, Horace (ed.) _923137 |
||
| 245 | 0 | 4 |
_aThe IMF and Tanzania : _bthe dynamics of liberalisation / _cedited by Horace Campbell and Howard Stein. |
| 250 | _a1st ed. | ||
| 260 |
_aHarare, Zimbabwe : _bSAPES Books, _c1991. |
||
| 300 |
_avi, 271 p.; _bmap ; _c21 cm. |
||
| 490 | 1 |
_aDebt and structural adjustment series ; _vno. 1 |
|
| 490 | 1 | _aSouthern Africa political economy series | |
| 504 | _aIncludes bibliographical references (p. 247-264) and index. | ||
| 610 | 2 | 0 |
_aInternational Monetary Fund _zTanzania. _923234 |
| 650 |
_aTanzania _xEconomic policy. _923235 |
||
| 650 |
_aInternational monetary fund _zTanzania _923236 |
||
| 650 |
_aFree enterprise _zTanzania _923237 |
||
| 700 | 1 |
_aStein, Howard F. _923238 _eed. |
|
| 830 | 0 |
_aDebt and structural adjustment series ; _vno. 1. _923239 |
|
| 830 | 0 |
_aSouthern Africa political economy series. _923141 |
|
| 942 |
_2lcc _cMONOGRAPH |
||
| 999 |
_c124446 _d124446 |
||